[Event "Corus-C"]
[Site "Wijk aan Zee"]
[Date "2006.01.14"]
[Round "1"]
[White "Atalik, Suat"]
[Black "Atalik, Ekaterina"]
[Result "1-0"]
[WhiteElo "2618"]
[BlackElo "2399"]
[Annotator "Atalik,S"]
[PlyCount "61"]
[EventDate "2006.01.14"]
[EventType "tourn"]
[EventRounds "13"]
[EventCountry "NED"]
[EventCategory "9"]
[SourceTitle "CBM 111"]
[Source "ChessBase"]
[SourceDate "2006.04.04"]
[SourceVersion "1"]
[SourceVersionDate "2006.04.04"]
[SourceQuality "1"]

{My second game with Katia.The very first game we have drawn in Zenica but
this time in Wijk we were dressed to kill.} 1. d4 d5 2. c4 c6 3. Nc3 Nf6 4. e3
a6 $5 {The modern system.I had a practical idea against this for this
tournament.} 5. Qc2 e6 6. Nf3 Nbd7 $6 {In this system black's queen knight
should be developped on c6 to justify 4...a6.} (6... c5 7. cxd5 exd5 8. Be2 Nc6
9. Ne5 Qc7 10. Nxc6 bxc6 $1 (10... Qxc6 $5 11. O-O cxd4 12. exd4 Bb4 13. Bd3
O-O 14. f3 $14 {is my game with French GM Marcelin from a later round in this
tournament.}) 11. O-O Bd6 12. h3 O-O 13. b3 (13. dxc5 $6 Bxc5 14. b3 (14. e4 $2
Bxh3 $1 $19) 14... Qe5 $40) (13. Na4 $6 cxd4 14. exd4 Ne4 15. Bd3 Bf5 16. Be3
Rfe8 17. Nc5 (17. Rac1 $2 Re6 18. Nc3 Qe7 19. Nxe4 dxe4 20. Bc4 Rg6 $19) 17...
a5 18. Rfe1 Bg6 19. Nxe4 dxe4 20. Bc4 Kh8 $15) 13... Re8 (13... cxd4 14. exd4
Re8 15. Bd3) 14. Bd3 $13 {Looking at these positions once again I am not
fascinated at all.}) 7. b3 $1 {c4 pawn should be supported.} c5 $6 {Now Nd7
does not stand well in this set up.} (7... Bd6 8. Bb2 O-O (8... e5 $2 9. cxd5
cxd5 10. dxe5 Nxe5 11. Nxe5 Bxe5 12. Bd3 d4 13. exd4 Bxd4 14. O-O $16) 9. Bd3
Qe7 (9... e5 $6 10. cxd5 cxd5 11. dxe5 Nxe5 12. Nxe5 Bxe5 13. Ne2 $14) 10. O-O
Re8 (10... e5 $6 11. cxd5 cxd5 12. e4 $1 $16) 11. Rfe1 e5 12. c5 Bc7 13. e4
exd4 14. exd5 Qxc5 15. Bxh7+ Kh8 16. Rxe8+ Nxe8 17. Ne2 $14) 8. cxd5 exd5 9.
Bb2 Be7 (9... b5 $2 10. Nxd5) 10. g3 $1 {The bishop works best on fianchetto.}
(10. g4 $5 {has caught my attention during the game.}) 10... b5 11. Bg2 (11.
dxc5 Nxc5 12. Nd4 Bb7 13. Bh3 $14) 11... Bb7 12. dxc5 Nxc5 13. O-O $5 {I could
have put my rook on d1 before this.However it slows down white's game.} (13.
Rd1 Rc8 14. Qb1 Qa5 $1 15. O-O O-O 16. Nd4 (16. Ng5 $6 g6 17. Nh3 Nce4) 16...
g6 $14) 13... Rc8 14. Qb1 $1 {The problem about Ra1 is not that big.} (14. Bh3
Rc7 15. Rac1 O-O 16. Rfd1 Nce4 17. Qd3 Bd6) 14... b4 $6 (14... O-O 15. Rd1 b4
16. Ne2 Nce4 17. Bd4 Qd7 $14) 15. Ne2 Nce4 16. Bd4 a5 17. Qb2 $1 {I do not
need a rook on the c line yet.} (17. Bh3 Ra8 18. Rc1 Bc8 19. Bxc8 Rxc8 20. Rxc8
Qxc8 $14) 17... Ba6 18. Bh3 Ra8 (18... Nc3 $2 19. Nxc3 bxc3 20. Bxc3 Bxf1 21.
Bxc8 $18) 19. Ne5 (19. Rfc1 Bc8) 19... Nc3 $2 {Katia was delaying to castle
for a long time.However winning the exchange will do black only bad.} (19...
O-O 20. Nc6 (20. f3 Nc5) 20... Qe8 $16) 20. Nxc3 Bxf1 (20... bxc3 21. Qxc3 Bxf1
22. Qc6+ Kf8 23. Rxf1 h5 24. Nd7+ (24. Rc1 Rh6) 24... Nxd7 25. Bxd7 Rh6 26.
Qxd5 $1 h4 (26... Rd6 $2 27. Qxh5 Rh6 28. Qf3 $18) 27. Qf3 $1 $16) 21. Bxf1
bxc3 22. Bb5+ {Now it becomes obvious that black king will experience
difficulties.} Kf8 23. Bxc3 (23. Qxc3 Rc8 24. Nc6 Qc7 25. Rc1 $16) 23... h5 24.
Nc6 Qc7 25. Rc1 Kg8 (25... Rh6 26. Bxa5 Rxa5 27. Nxe7 $18) (25... h4 26. Be5 (
26. g4 $6 h3 27. g5 Nh5 28. Ne5 $16) 26... Qb7 27. Nxe7 Qxe7 28. Rc7 Qd8 29.
Bc6 Rc8 30. Bxf6 gxf6 31. Rd7 $18) 26. Be5 Qb7 27. a4 $2 {I should not allow
black to have a counterplay on the h line.} (27. h4 Bf8 (27... Rh6 28. Nd4) 28.
Nd4 $16) 27... h4 $132 28. Nxa5 $1 Rxa5 29. Rc7 Qb6 $2 $138 {Katia was in a
horrible time trouble and she errs.} (29... Rxb5 30. axb5 (30. Rxb7 Rxb7) 30...
Qxb5 31. Rxe7 Qd3 32. Qc1 (32. gxh4 $2 Rxh4 33. Bg3 Rb4 $11) 32... hxg3 (32...
h3 33. Qc8+) 33. Bxg3 Rh5 $1 (33... Qxb3 $2 34. Qc8+ Kh7 35. Qf5+ $18) 34. b4 (
34. Qc8+ $2 Kh7 35. Rxf7 Qb1+ 36. Kg2 Qe4+ 37. f3 Qd3 $40) 34... Ne4 $16 (34...
d4 $2 35. exd4 Qxd4 36. Qc8+ Kh7 37. Qc2+ Kg8 38. Rb7 $18)) 30. Rxe7 hxg3 31.
hxg3 $18 {Who is the boss at home?} 1-0

[Event "EU-ch 7th"]
[Site "Kusadasi"]
[Date "2006.04.13"]
[Round "9"]
[White "Turov, Maxim"]
[Black "Atalik, Suat"]
[Result "1/2-1/2"]
[WhiteElo "2539"]
[BlackElo "2632"]
[Annotator "Atalik,S"]
[PlyCount "83"]
[EventDate "2006.04.04"]
[EventType "swiss"]
[EventRounds "13"]
[EventCountry "TUR"]
[SourceTitle "CBM 111 Extra"]
[Source "ChessBase"]
[SourceDate "2006.05.09"]
[SourceVersion "1"]
[SourceVersionDate "2006.05.09"]
[SourceQuality "1"]

1. d4 d5 2. c4 c6 3. Nc3 Nf6 4. e3 e6 5. Nf3 a6 $5 {I again went for this move.
} 6. Qc2 c5 7. cxd5 exd5 8. Be2 Nc6 9. Ne5 Qc7 10. Nxc6 Qxc6 $6 {I also
followed other people's mistake.The move looks unhealthy.} (10... bxc6 11. O-O
Bd6 12. h3 O-O $15) 11. O-O Bd7 $5 {This move caught my eye during the game
with Marcelin.} 12. Bf3 $1 Be7 $2 {An early mistake instead I had to sac a
pawn.} (12... cxd4 $1 13. exd4 Bb4 14. Re1+ Be6 15. Bg5 Bxc3 (15... Ne4 16.
Bxe4 dxe4 17. Qxe4 Qxe4 18. Rxe4 Bxc3 19. d5 Bxb2 20. Rb1 $40) 16. bxc3 Ne4 17.
Bxe4 dxe4 18. Rxe4 O-O $44) 13. dxc5 $2 {He also makes a mistake which made
the position playable.} (13. Rd1 $1 c4 (13... cxd4 14. Rxd4 Be6 15. Qd3 O-O 16.
Nxd5 Bxd5 17. Bxd5 Nxd5 18. Rxd5 Rfd8 19. e4 $16 Rxd5 $140 20. exd5 Rd8 $2 21.
dxc6 Rxd3 22. Bg5 $1 $18) 14. e4 Be6 15. Bg5 $18) 13... Qxc5 14. Qb3 Bc6 15.
Bd2 (15. Rd1 Rd8) 15... O-O 16. Rac1 Qd6 17. Ne2 $6 {He kept on missing better
options.} (17. Rfd1 $1 $16 d4 $2 18. Be1 (18. exd4 Bxf3 19. gxf3 b5 $44) (18.
Bxc6 $2 dxc3) 18... Bxf3 19. gxf3 d3 20. Ne2 Qe5 21. Ng3 $18) 17... Ne4 18.
Rfd1 Ng5 $1 19. Nd4 Qd7 $1 {Black tactically pulls himself out of the bad
isolani type of game.} 20. Qc2 (20. Qd3 Nxf3+ 21. Nxf3 Bb5) 20... Nxf3+ $6 {
Around this move I have gained back my fighting spirit and did not satisfy
with a draw.} (20... Bf6 21. Bc3 Bxd4 22. Rxd4 Nxf3+ 23. gxf3 Qh3 24. Qd1 f5
25. Rf4 d4 26. Qxd4 Rf6 27. Qc4+ Kh8 28. Bxf6 gxf6 29. Rh4 Qxf3 30. Rxh7+ Kxh7
31. Qf7+ $11) 21. Nxf3 Rfc8 22. Bc3 Qg4 23. h3 Qg6 24. Qxg6 hxg6 25. Ne5 $1 $14
{And э have got worse.} g5 (25... Bf6 $2 26. Nxc6 Rxc6 27. Bxf6 $1 (27. Rxd5
Rac8) 27... gxf6 28. Rxc6 bxc6 29. g4 $1 $16) 26. Rd2 (26. Rc2 $5 Ba4 27. b3
Bf6 28. Rxd5 Bc6 29. Nxc6 Rxc6 30. Bxf6 Rxc2 31. Rxg5 g6 32. Rg4 $44) (26. Nxc6
bxc6 27. Rd2 Rab8 $11) 26... Bf6 $1 {Here I have fully seen the drawing plan.}
(26... f6 27. Nxc6 bxc6 28. Rdc2 Rcb8 $1 $132 {was an alternative.}) 27. Nxc6
Rxc6 28. Rxd5 Rac8 $44 29. Rb1 $1 Bxc3 $1 {First black has to exchange the
bishops.} (29... b5 $2 30. Bxf6 gxf6 31. Rd2 Rc2 32. Rbd1 Rxd2 33. Rxd2 b4 34.
b3 $16) 30. bxc3 b5 31. a4 $6 {This makes black's job easy but} ({Even the
better} 31. Rxg5 Rxc3 32. a4 Rc1+ 33. Rxc1 Rxc1+ 34. Kh2 b4 35. Rg4 b3 36. Rb4
Rc2 $1 37. Kg3 (37. Rxb3 Rxf2 38. Rb6 Re2 39. Rxa6 Rxe3 $11) 37... b2 $132)
31... f6 $1 32. axb5 axb5 33. Rbxb5 Rxc3 34. Rb7 R3c7 35. Rxc7 Rxc7 $11 {
Despite of being a pawn up white can not make much progress in this ending.}
36. Kh2 Kf7 37. Kg3 Rc3 38. Kg4 Kg6 39. g3 Rc1 40. h4 gxh4 41. gxh4 Rg1+ 42.
Kf3 {he decided not to check further!} 1/2-1/2

[Event "Olympiad-36"]
[Site "Mallorca"]
[Date "2004.10.22"]
[Round "7"]
[White "Dautov, Rustem"]
[Black "Atalik, Suat"]
[Result "1/2-1/2"]
[WhiteElo "2623"]
[BlackElo "2541"]
[Annotator "Atalik,S"]
[PlyCount "79"]
[EventDate "2004.10.15"]
[EventType "team-swiss"]
[EventRounds "14"]
[EventCountry "ESP"]
[SourceTitle "CBM 104"]
[Source "ChessBase"]
[SourceDate "2005.01.27"]
[SourceVersion "1"]
[SourceVersionDate "2005.01.27"]
[SourceQuality "1"]
[WhiteTeam "Germany"]
[BlackTeam "Bosnia&Herzegovina"]
[WhiteTeamCountry "GER"]
[BlackTeamCountry "BIH"]

1. d4 Nf6 2. c4 e6 3. Nf3 d5 4. Nc3 c6 5. e3 {I have chosen this Meran setup
especially against Rustem since he never goes for 5.Bg5 lines.} Nbd7 6. Qc2 b6
$5 {Dreev's favorite.} (6... Bd6 7. g4 $5 {is annoying.}) ({and} 6... a6 7. b3
Bd6 8. Be2 O-O 9. O-O e5 10. cxd5 cxd5 11. dxe5 Nxe5 12. Bb2 Be6 13. Rfd1 Nc6
$13 {is not for everyone's taste.}) ({finally Ehlvest's} 6... h6 {if you want
to hear my opinion is just insane!}) 7. b3 {The most normal approach.} (7. cxd5
cxd5 (7... exd5 $5 8. Bd3 Bb7 9. O-O Be7 10. b3 O-O 11. Bb2 Bd6 $1 $13) 8. Nb5
Bb4+ 9. Bd2 Bxd2+ 10. Nxd2 O-O 11. Rc1 Ba6 $132 (11... a6 $5) 12. Qa4 $140 $6
Rc8 13. Rc3 Rxc3 14. bxc3 Qc8 15. c4 (15. Nxa7 Qxc3 16. Bxa6 $8 (16. Qxa6 Ra8
17. Be2 (17. Qb7 $2 Ne4 $19) 17... Qc7)) 15... Bxb5 16. Qxb5 e5 $40) 7... Bb7
8. Bd3 Be7 9. O-O Qc7 10. Bb2 Rd8 11. Rac1 $5 {A deep move which has some
intentions connected with c4-c5 after whites e4.} Qb8 $6 {All of a sudden I
have got possessed by the idea that I should always be able to reply cd5 by
cd5.} (11... h6 12. cxd5 exd5 13. Ne2 O-O 14. Ng3 Rfe8 $14) (11... O-O $142 12.
cxd5 exd5 $14 {were some options.}) 12. Rfe1 $6 {I was afraid of this in the
game. However he had a better possibility.} (12. cxd5 cxd5 13. Ne5 $1 {Rustem
came up with this after the game.} (13. Nb5 Rc8 14. Qe2 O-O 15. Ne5 a6 16. Nxd7
Nxd7 17. Ba3 Bxa3 18. Nxa3 b5 19. Nb1 $14 {does not look scary for black.})
13... Nxe5 (13... a6 $5 14. f4 (14. a4 $6 Nxe5 15. dxe5 Ng4 $17) 14... b5 $132)
(13... O-O 14. f4 $40) 14. dxe5 Qxe5 (14... Ng4 $2 15. Nb5) (14... Nd7 15. Nb5
(15. f4 g6 16. Nb5 Rc8 17. Qe2 $16) 15... Rc8 16. Qe2 O-O 17. Qh5 $16) 15. Ne4
$1 (15. Nb5 $6 Qb8 16. Nc7+ Kf8 17. Be5 Kg8 $1 $44 (17... Bd6 $6 18. f4 Ne8 19.
Qb2 Rc8 20. Nxe8 Bxe5 21. Rxc8 Bxc8 22. fxe5 Kxe8 23. Bb5+ $18)) 15... Qb8 (
15... d4 $6 16. Bxd4 Qh5 17. Ng3 $1 $16 (17. Bxf6 Bxf6 18. Nxf6+ gxf6 19. Be4
Bxe4 20. Qxe4 O-O $11)) 16. Nxf6+ Bxf6 17. Bxf6 gxf6 18. Qb2 d4 (18... e5 $2
19. Qa3 $16) 19. Qa3 a6 $1 (19... Rd5 $2 20. e4 $1 Rd6 21. Bb5+ Kf8 22. Bc6 Bc8
23. f4 $18 {looks gone to me.}) 20. Bxa6 Bxa6 21. Qxa6 O-O 22. exd4 Rxd4 $14) (
12. Qe2 O-O 13. Rfd1 (13. Ne5 $6 dxc4 14. bxc4 (14. Nxd7 $6 cxd3) (14. Bxc4
Nxe5 15. dxe5 Qxe5 16. Nd5 Qd6 17. Nxf6+ Bxf6 18. Bxf6 gxf6 19. Rfd1 Qe7 20.
Qg4+ Kh8 21. Qh4 Rg8 22. Bd3 Rg7 $17 {is just a pawn.}) 14... Nxe5 15. dxe5
Qxe5 16. Nd5 Qd6 17. Nxf6+ Bxf6 18. Bxf6 gxf6 19. Bxh7+ Kxh7 20. Qh5+ Kg7 21.
Qg4+ $11) 13... c5 14. cxd5 Nxd5 15. Nxd5 Bxd5 16. e4 Bb7 $11 17. d5 $140 $2
exd5 18. exd5 Bf6) 12... O-O 13. e4 {Now it looks like I am in deep shit since
he suceeded his e3-e4 in such a way it looks very iffy if I can get my c5 in.}
dxe4 (13... h6 $6 14. cxd5 cxd5 15. e5 Ne8 16. Qe2 $16 {looks horrible for
black since his bishop is already out compared to similar positions in Catalan.
}) 14. Nxe4 {After this move I have taken a long thought and figured out if I
will play accurately there is nothing wrong with my position.} h6 $1 {A very
important move.} 15. Nxf6+ $2 {However this is toothless.} (15. c5 $1 {The
usual trick!} bxc5 (15... Nxe4 $2 16. Bxe4 bxc5 17. dxc5 Nxc5 (17... Bxc5 18.
Qc3 e5 (18... f6 $6 19. Qc4 $1 $40) 19. Nxe5 Nxe5 20. Qxc5 Nd3 21. Bxd3 Rxd3
22. Re7 $16) 18. Ba3 f5 19. Bxc5 Bxc5 20. Qxc5 fxe4 21. Rxe4 Rd5 22. Qc3 $16) (
15... Nd5 16. a3 $16 bxc5 17. Nxc5 Nxc5 18. dxc5 Bf6 19. Ne5 Nf4 20. Bc4 $16)
16. dxc5 Nxc5 (16... Nd5 17. a3) 17. Bxf6 gxf6 18. Nxc5 Bxc5 19. Bh7+ Kg7 20.
Qxc5 Kxh7 21. Qe7 {22.Re6 is threathened.} c5 22. Qxf6 $1 (22. Rc3 $6 Bxf3 23.
Rxf3 Qe5 24. Rfe3 Rde8 25. Qxa7 Qd5 26. Re4 f5 (26... Ra8 27. Qe7 Qd8 28. Qxc5
Rxa2 $14) 27. Re5 Ra8 28. Qe7 Qd8 29. Rxe6 Qxe7 30. Rxe7 Rxa2 31. g3 Kg6 32.
Rc1 Rb2 $11) 22... Bxf3 23. Qxf3 Rd5 $1 24. Rc4 (24. Qe4+ Kg8 25. Qh4 (25. Rc3
Qb4) 25... Qb4 26. Qxh6 Qd2 27. Qh4 Rfd8 $44) 24... Qd6 25. Rf4 f5 26. Ra4 Rf7
27. Rae4 e5 $132) 15... Bxf6 16. Bh7+ Kh8 17. Be4 c5 $11 {Now we have a normal
situation over the board.} 18. Bxb7 (18. d5 $2 Bxb2 19. Qxb2 exd5 $17 {is
loses a pawn.}) (18. dxc5 $2 Bxb2 19. Qxb2 Nxc5 $17 {and d3 square has its
tells.}) 18... Qxb7 19. Rcd1 cxd4 20. Bxd4 (20. Nxd4 a6 21. Nf3 Qc7 22. Bxf6
Nxf6 23. Ne5 (23. b4 $2 Rxd1 24. Rxd1 Rc8 25. Rc1 Qf4 $36) 23... Kg8 $14 {
is also more or less equal.}) 20... Qc7 21. Qb2 Kg8 {Repairing the kings
position.} 22. Rd2 Bxd4 23. Rxd4 Nf6 $5 (23... e5 {Dautov} 24. Rd5 f6 25. Red1
Nc5 26. Qc2 Ne6 27. g3 Rxd5 28. Rxd5 Rd8 29. Qd3 $14) 24. Red1 Rfe8 $1 {
The e pawn should be pushed forward!} (24... e5 $2 {Unfortunately this direct
attempt does not work although it looks close.} 25. Rxd8 Rxd8 26. Rxd8+ Qxd8
27. Qxe5 Qd1+ 28. Qe1 (28. Ne1 $2 Qd2 29. a4 Ng4 $1 (29... Qxf2+ $2 30. Kxf2
Ng4+ 31. Kf3 Nxe5+ 32. Ke4 $18) 30. Qe8+ Kh7 31. Qe4+ g6 32. Nd3 Qd1+ (32...
Ne5 $11) 33. Ne1 Qd2 $11) 28... Qc2 29. Qd2 Qb1+ 30. Ne1 Ne4 31. Qe3 Nc5 32.
Qe2 a5 (32... Nd3 $4 33. Qe8+ Kh7 34. Qe4+ Kg8 35. Kf1 $1 $18) 33. Kf1 (33. g3
$6 a4) 33... Kf8 34. Qd2 $16) 25. h3 Rxd4 26. Qxd4 e5 27. Qd6 {I was counting
more on keeping queens for him.} (27. Qe3 e4 28. Nd4 Rd8 29. Rd2 a6 $1 $11)
27... Qxd6 28. Rxd6 Re7 {After this I started to have even some dreams to play
for a win.} (28... Kf8 $5 {Dautov} 29. Nh4 Ne4 30. Rd7 Re7 31. Rd8+ Re8 32. Rd7
$11) 29. Nh4 $1 {Yeah it did not last too long,just for a move.} Ne4 30. Nf5
Rc7 31. Rd8+ Kh7 32. Ne3 $138 {Rustem said that being low on time made him to
head for a knights swap.} (32. Kf1 {Dautov} b5 $1 33. Ne3 (33. cxb5 Rc2 34. f3
Rc1+ 35. Ke2 Nc3+ 36. Kf2 Rc2+ 37. Kf1 Rxa2 38. Rd7 Nxb5 39. Rxf7 Kg6 40. Rf8
Nd4 $11) 33... Nc3 34. Nd5 Nxd5 35. cxd5 (35. Rxd5 bxc4 36. bxc4 Rxc4 37. Rxe5
(37. Ra5 Rc1+ 38. Ke2 Rc7 39. Rxe5 Rc2+ 40. Kf3 Rxa2 $15) 37... Ra4 38. Re2 $11
) 35... Rc2 36. Ke1 Rxa2 37. Rb8 Ra6 38. Rxb5 Kg6 39. Ke2 f5 40. Kd3 Kf6 41.
Rb7 Ra2 $132) 32... Nc3 33. Nd5 {The safest approach.} (33. Rd2 b5 34. Nd5 Nxd5
35. cxd5 Kg8 36. d6 Rd7 37. Rd5 f6 38. Rxb5 Rxd6 $11) (33. a4 Ne2+ 34. Kf1 Nd4
35. b4 f5 36. g3 g5 $132) 33... Nxd5 34. Rxd5 f6 35. g4 h5 {I wanted to
exchange my weak h pawn.} (35... Kg6 36. Kg2 Kf7 37. Kf3 Ke6 38. h4 g6 39. Rd8
Rd7 40. Rh8 Rd3+ 41. Kg2 Rd4 42. Kg3 f5 43. gxf5+ Kxf5 44. Rxh6 Rd3+ 45. Kg2
Rd2 46. a4 Rb2 47. h5 gxh5 48. Rxh5+ Ke4 49. Rh3 Kd4 50. Re3 e4 $11) 36. Kg2 (
36. gxh5 Kh6 37. Kg2 Kxh5 38. f4 Re7 $11) 36... hxg4 37. hxg4 Kg6 {Draw offer}
38. Kf3 (38. Kg3 $5 {I thought he would try to create something by intruding
his king to g6.} Re7 39. a4 Kf7 (39... e4 40. Kf4) 40. Kh4 e4 41. a5 bxa5 42.
Rxa5 Rb7 43. Kh5 Rxb3 44. Rxa7+ Ke6 45. Kg6 Rb2 46. Ra8 Rxf2 47. Re8+ Kd6 48.
Rxe4 Rg2 $1 49. Rd4+ Ke5 50. Rd5+ Ke6 51. Rd4 $11 {also leads to a draw.})
38... Kf7 39. Ke4 Ke6 40. f4 {Draw offer. I had to answer since it seemed like
we have exhausted all our ammunition before this point.} (40. f4 exf4 41. Kxf4
g6 42. Rd8 Rd7 43. Rxd7 Kxd7 44. b4 a5 45. a3 axb4 46. axb4 Ke6 47. Ke4 $11)
1/2-1/2

[Event "Athens Acropolis"]
[Site "Athens"]
[Date "2003.08.30"]
[Round "6"]
[White "Johannessen, Leif Erlend"]
[Black "Atalik, Suat"]
[Result "1/2-1/2"]
[WhiteElo "2525"]
[BlackElo "2599"]
[Annotator "Atalik,S"]
[PlyCount "92"]
[EventDate "2003.08.25"]
[EventType "tourn"]
[EventRounds "9"]
[EventCountry "GRE"]
[EventCategory "12"]
[SourceTitle "CBM 097"]
[Source "ChessBase"]
[SourceDate "2003.11.11"]
[SourceVersion "1"]
[SourceVersionDate "2003.11.11"]
[SourceQuality "1"]

1. d4 d5 2. c4 c6 3. Nc3 Nf6 4. e3 e6 5. Nf3 a6 $5 {So far people did not find
a way to get advantage after this move with white.} 6. b3 {One of the most
natural responses.} Bb4 7. Bd2 Bd6 $1 {Of course the idea is never to put the
knight on d7 and play the game in the spirit of Tarrasch.} (7... Nbd7 8. Bd3
O-O 9. O-O Bd6 10. e4 dxc4 11. bxc4 e5 12. c5 Bc7 13. Na4 exd4 14. h3 $1 $44 {
gave white a lot of play known since Kasparov-Gelfand ,Linares 1991.}) 8. Bd3
c5 {Now the game goes into Tarrasch with e3 type of positions. It is clear
that black will have an isolated pawn but the fact that whites pieces are
slightly misplaced and having b3 does not do too good for white brings a
balance to the game.} 9. cxd5 exd5 10. dxc5 Bxc5 11. O-O O-O 12. Qc2 $5 {
This move has surprised me during the game but now I see that the alternatives
does not bring desired coordination to whites pieces.} Nc6 13. Nb5 $5 {At
first it looks like a great move but after a brief examination the tactical
drawbacks of the move is appearant.} Ne4 $1 {Black takes over the initiative.}
14. Nbd4 (14. Bxe4 $2 dxe4 15. Qxc5 exf3 $17) 14... Bxd4 15. Nxd4 (15. exd4 Bf5
$17 {is clearly to whites advantage. The advantage of having Nc6 over Nf3 is
clear.}) 15... Nxd4 16. exd4 Bf5 $1 {This move does not lead to loss of
material.} 17. Bb4 $2 {The Norwegian burned all of his time here still he
could not see the tactical point in blacks play.} (17. f3 Rc8 18. Qd1 Nxd2 (
18... Nd6 19. Bb4 Re8 20. Bxd6 Bxd3 21. Qxd3 Qxd6 $15) 19. Qxd2 Bxd3 20. Qxd3
Qa5 $15 (20... Qg5 $15)) ({White had to try to equalize.} 17. Bxe4 $142 dxe4
18. Be3 $11) 17... Rc8 18. Qb1 Re8 19. f3 Bg6 $8 $17 {This is the star move.
Now white is in danger.} 20. Kh1 {A practical decision.} (20. fxe4 dxe4 21. Bc4
b5 22. Bc5 (22. Bxf7+ Bxf7 23. Bc5 Qg5 $5 $17 (23... e3 $5 24. Qf5 (24. Rxf7 $2
Kxf7 25. Qxh7 e2 (25... Rc6 $2 26. Rf1+ Rf6 27. Qh5+ Kg8 28. Rxf6 gxf6 29. Qg6+
$11) (25... Re6 $6 26. Rf1+ Rf6 27. Re1 $132) 26. Qh5+ Kg8 27. Re1 Re6 28. Rxe2
Rxc5 $1 29. dxc5 Qd4+ 30. Kf1 g6 31. Qf3 Rf6 $19) 24... Bg6 25. Qf3 Qg5 $17) (
23... Bd5 $17 24. Qe1 e3 $17)) 22... bxc4 23. bxc4 e3 $17 (23... Rxc5 $6 {
is yet unnecessary.} 24. dxc5 Qd4+ 25. Kh1 Qxc5 26. Qb3 $13)) {Here I had a
pleasant choice. Either to go for a pawn or to force anadvantageous N vs B
type of position.} 20... Nc3 $1 {A pawn is a pawn.} (20... Ng5 21. Bxg6 hxg6
22. Qd3 Ne6 $17 {It looks even better than a reminscent Saidy-Fischer,USA(ch)
1964.}) 21. Bxc3 Rxc3 22. Bxg6 hxg6 23. Re1 (23. Qd1 Ree3 24. Qd2 Rcd3 25. Qb4
Qe7 26. Qxe7 Rxe7 $19 {And white will lose d4 or an another one of his pawns.})
23... Rce3 24. Rxe3 Rxe3 25. Qc2 Qh4 $1 26. Qd2 Qe7 $19 {After a couple of
forced moves black is about to lose, only a miracle may save his skin off.} (
26... Qf4 $2 27. Rd1 g5 28. Kg1 $11) 27. Rc1 Kh7 $4 {Yes this is not God's,
Maradona's nor Azma's hand. Worst this is my hand which did this. Extremely
silly to change the move order.} (27... Re2 28. Qc3 (28. Qa5 {All of a sudden
I have got worried about this move and I wanted to prevent it.} b6 29. Qc3 Kh7
30. Ra1 (30. Rg1 Qe3 $19 (30... Rxa2 31. Qc8 Qh4 32. Qd7 f5 33. Qxd5 Rd2 34. h3
Qxd4 $19)) 30... Qg5 31. Rg1 Qe3 32. Qxe3 Rxe3 $19) 28... Kh7 29. h3 Rxa2 30.
Qc7 Qe3 31. Rg1 Qxb3 32. Qxf7 Rb2 $1 33. Qe7 Qb6 34. Qe5 Rb4 35. Rd1 Rb1 $19)
28. h3 Re2 29. Qf4 $8 $11 {Tragically I have forgotten that the queen may step
to the other direction.} ({Yes for sure I have prevented} 29. Qa5 $4 Qe3 $19)
29... Rxa2 30. Kh2 $1 $138 {Now he is back to his senses and started to give
correct decisions after this moment.} (30. Rc7 $2 Qe1+ 31. Kh2 Qf2 32. Qg3 Qxd4
33. Rxf7 Ra1 $17) 30... f5 31. Rc7 Qf6 (31... Rxg2+ {Of course I have seen that
} 32. Kxg2 Qe2+ 33. Kg3 Qe1+ $11) 32. Rxb7 {Draw offer} Re2 {I have
sidestepped another drawish follow up.} (32... g5 33. Qe5 Qxe5+ 34. dxe5 Re2
35. Rb6 Rxe5 36. Rxa6 d4 37. Rd6 Rb5 38. Rxd4 Rxb3 $11) 33. h4 $1 Re1 {
Needless! I have lost my objectivity. After this I could even have lost the
game with proper play.} (33... Qe6 {Cooking up the draw by rook sacrifice
keeps the equality.} 34. Qc7 Qf6 $11) 34. Rd7 Qe6 {That is what I was aiming
for.} (34... Qc6 $2 35. Rd6 Qc7 36. Qg3 $1 $18) 35. Rd6 Qe3 36. Qxe3 $2 (36.
Kg3 $1 $18 {is not easy to find.}) 36... Rxe3 37. Rxa6 Rd3 38. Ra4 Kh6 $11 {
White can only run into difficulties if he tries to keep the extra pawn.} 39.
Ra7 {He somehow understood that returning the pawn gets the desired result at
once.} (39. Kg3 g5 40. hxg5+ Kxg5 41. Kf2 Rd2+ 42. Kg3 f4+ 43. Kh3 Kf5 44. Rb4
g5 45. g4+ fxg3 46. Kxg3 Rd3 $15 {and all of a sudden black is a little bit
better.}) 39... Rxd4 40. Kg3 Rb4 41. Rd7 d4 42. Kh3 $1 $11 {Now there is
nothing left to do.} g5 43. Rd6+ g6 44. hxg5+ Kxg5 45. g3 Rxb3 46. f4+ Kh6 (
46... Kh6 47. Rxd4 $11) 1/2-1/2